000 00573nam a22001817a 4500
010 _aENG-120499
020 _a9788190941624
_c500.00
035 _aEN- 104031
037 _bDBAD/PUB
082 _a881.08
245 _aNissim Ezekiel:
_bA critical companion/
_cEditied by G.S Balarama Gupta
260 _aNew Delhi
_bPencraft International
_c2010
270 _aSales Office : 4262/3, Ansari Road, Daryaganj
_bNew Delhi
_e110052
300 _a200p.
_c22cm(Hb).
505 _a
700 _aGupta,G.S. Balarama
_960367
942 _2ddc
_cEN
_h881.08
_mNIS
999 _c144101
_d144101